000
00242nam a2200097Ia 4500
001
679846
005
20250826161330.0
008
250824s9999 xx 000 0 und d
245
0
_a
AY I BOYAMAK
_c
SEMİH GÜMÜŞ
260
_b
GÜNIŞIĞI YAYINLARI
999
_c
679846
_d
679846